| 000 | 01064cab a2200361 4500 | ||
|---|---|---|---|
| 001 | WB3336-05 | ||
| 008 | 090401t1997 xxu||||| |||| 00| 0 eng d | ||
| 035 | _a(Sirsi) u80925 | ||
| 041 | _aeng | ||
| 245 | _aWho really owns London? | ||
| 260 | _c1997 | ||
| 350 | _a0 | ||
| 490 |
_aTimes _v17 September 1997 LOAN |
||
| 520 | _aExamines the huge areas of London owned by ancient estates and corporations. Includes a map showing the major estates of the West End and lists the small and large estates in London. | ||
| 650 | _aBEDFORD ESTATE | ||
| 650 | _aBP PENSION ESTATE | ||
| 650 | _aCADOGAN ESTATE | ||
| 650 | _aCARNABY ESTATE | ||
| 650 | _aCHURCH COMMISSIONERS | ||
| 650 | _aCROWN ESTATE | ||
| 650 | _aESTATES | ||
| 650 | _aGREAT PORTLAND ESTATE | ||
| 650 | _aGROSVENOR ESTATE | ||
| 650 | _aHOWARD DE WALDEN ESTATE | ||
| 650 | _aLANGHAM ESTATE | ||
| 650 | _aLONDON | ||
| 650 | _aOWNERS | ||
| 650 | _aPORTMAN ESTATE | ||
| 650 | _aWELLCOME ESTATE | ||
| 690 | _aPROPERTY-COMMERCIAL PROPERTY | ||
| 942 | _n0 | ||
| 948 | _c17/09/1997 | ||
| 999 |
_c50969 _d50969 |
||